[Event "Monte Carlo MNC"]
[Site "?"]
[Date "2006.03.29"]
[Round "10.2"]
[White "Ivanchuk Vassily"]
[Black "Morozevich Alexander"]
[Result "1-0"]
[WhiteElo "2729"]
[BlackElo "2721"]
[PlyCount "125"]
[EventDate "2006.??.??"]
[Source "www.chesslib.no"]
[SourceDate "2004.05.04"]

1. d4 d5 2. c4 c6 3. Nf3 Nf6 4. cxd5 cxd5 5. Nc3 Nc6 6. Bf4 Nh5 7. Bd2 e6 8. e3 Bd6 9. Ne5 Nf6 10. f4 O-O 11. Bd3 Ne7 12. O-O b6 13. Be1 Bb7 14. Bh4 Ne4 15. Bxe4 dxe4 16. Qb3 Qe8 17. Bxe7 Qxe7 18. a4 Bb4 19. f5 f6 20. Ng4 Rac8 21. Rfc1 Rfe8 22. Nf2 a5 23. Rc2 Ba6 24. Qxe6+ Qxe6 25. fxe6 Rxe6 26. Rac1 Rec6 27. d5 R6c7 28. Rd1 f5 29. g4 g6 30. gxf5 gxf5 31. Nh3 Rg7+ 32. Rg2 Bc5 33. Rxg7+ Kxg7 34. Kf2 Kf6 35. Nf4 Bc4 36. Rg1 Bb4 37. h4 Bb3 38. Nfe2 Rd8 39. Nd4 Bxd5 40. Rg5 Be6 41. Rh5 Kg6 42. Nxe6 Rd2+ 43. Ke1 Rxb2 44. Nf4+ Kg7 45. Rg5+ Kf6 46. Nfd5+ Ke5 47. Nxb4 axb4 48. Ne2 Kd5 49. Rxf5+ Kc4 50. Rb5 Ra2 51. Rxb6 b3 52. Nd4 b2 53. Kd1 Ra3 54. Kd2 Ra2 55. Nc2 h5 56. a5 Rxa5 57. Rb4+ Kd5 58. Rxb2 Ke5 59. Nd4 Ra3 60. Rb5+ Kf6 61. Rxh5 Rd3+ 62. Ke2 Rxd4 63. exd4 1-0

[Event "ARM-ROW Match"]
[Site "Moscow"]
[Date "2004.06.15"]
[Round "6"]
[White "Gelfand, Boris"]
[Black "Bacrot, Etienne"]
[Result "1/2-1/2"]
[WhiteElo "2714"]
[BlackElo "2675"]
[PlyCount "139"]
[EventDate "2004.06.10"]
[Source "Roberto Alvarez"]
[SourceDate "2004.06.07"]

1. d4 d5 2. c4 c6 3. Nc3 Nf6 4. Nf3 a6 5. cxd5 cxd5 6. Bf4 Nc6 7. Rc1 Bf5 8. Ne5 Rc8 9. e3 Nxe5 10. dxe5 Ne4 11. Nxe4 Rxc1 12. Qxc1 Bxe4 13. e6 Qa5+ 14. Ke2 fxe6 15. f3 Bf5 16. Be5 h5 17. Kf2 Kf7 18. Be2 Rg8 19. g4 Bh7 20. gxh5 g5 21. hxg6+ Bxg6 22. Rg1 Qxa2 23. f4 Qb3 24. h4 Bh6 25. Qc7 Qc2 26. Qxc2 Bxc2 27. Rc1 Be4 28. Rc7 Rg2+ 29. Kf1 Bg7 30. Bh5+ Kg8 31. Rxe7 Bxe5 32. fxe5 Rxb2 33. Rxe6 Rh2 34. Re8+ Kg7 35. Re7+ Kh6 36. Bf7 Rxh4 37. e6 Bf5 38. Rxb7 Bxe6 39. Rb6 d4 40. Bxe6 dxe3 41. Ke2 Kg7 42. Kxe3 Kf6 43. Ba2+ Ke5 44. Re6+ Kf5 45. Rxa6 Ke5 46. Ra5+ Kd6 47. Bb1 Rg4 48. Be4 Rg1 49. Kd4 Rd1+ 50. Bd3 Rc1 51. Rh5 Rc7 52. Rh6+ Ke7 53. Be4 Rd7+ 54. Ke5 Rc7 55. Bc6 Kd8 56. Kd6 Rd7+ 57. Kc5 Rg7 58. Re6 Re7 59. Rd6+ Kc7 60. Bd5 Rg7 61. Ra6 Kd8 62. Kd6 Rd7+ 63. Ke5 Ke7 64. Ra8 Rc7 65. Rh8 Kd7 66. Rg8 Ke7 67. Rg6 Kd8 68. Bc6 Re7+ 69. Kd6 Rd7+ 70. Bxd7 1/2-1/2

[Event "FIDE GP+"]
[Site "Dubai"]
[Date "2002.04.08"]
[Round "5.2"]
[White "Topalov, Veselin"]
[Black "Bacrot, Etienne"]
[Result "1/2-1/2"]
[WhiteElo "2739"]
[BlackElo "2649"]
[PlyCount "32"]
[EventDate "2002.04.03"]
[Source "ChessBase"]
[SourceDate "2002.08.12"]

1. Nf3 d5 2. d4 c6 3. c4 Nf6 4. cxd5 cxd5 5. Nc3 a6 6. Bf4 Nc6 7. Rc1 Ne4 8. e3 Nxc3 9. bxc3 Bf5 10. Ne5 Nxe5 11. Bxe5 e6 12. Qb3 f6 13. Bg3 b5 14. a4 bxa4 15. Qxa4+ Qd7 16. Ra1 Qxa4 1/2-1/2

[Event "Linares (m/7)"]
[Site "?"]
[Date "1994.??.??"]
[Round "?"]
[White "Kamsky, G."]
[Black "Short, N."]
[Result "1/2-1/2"]
[WhiteElo "2695"]
[BlackElo "2665"]
[PlyCount "119"]
[EventDate "1994.??.??"]
[Source "ChessBase"]
[SourceDate "1994.06.01"]

1. d4 d5 2. c4 c6 3. cxd5 cxd5 4. Nc3 Nf6 5. Bf4 Nc6 6. Nf3 a6 7. Ne5 e6 8. e3 Bd6 9. Bg3 Bxe5 10. dxe5 Nd7 11. f4 O-O 12. Be2 b5 13. Rc1 Bb7 14. O-O Rc8 15. Bd3 Qe7 16. Bb1 Rfe8 17. Qc2 g6 18. Qf2 f5 19. exf6 Nxf6 20. Bh4 Qg7 21. Bg5 Ne7 22. Ne2 Rxc1 23. Rxc1 Nc6 24. Bxf6 Qxf6 25. Nd4 Rc8 26. Bd3 e5 27. fxe5 Qxf2+ 28. Kxf2 Nxe5 29. Rxc8+ Bxc8 30. Be2 Kf8 31. h4 Ke7 32. b4 h6 33. Ke1 Nc4 34. Kf2 Ne5 35. Ke1 Kd6 36. Kd2 Bg4 37. Bf3 h5 38. Kc3 Bxf3 39. gxf3 Ke7 40. Kd2 Kf6 41. Ke2 Nc4 42. f4 Nd6 43. Kd3 Kf7 44. Ke2 Ke7 45. Kd3 Kf6 46. Ke2 Ne4 47. Kd3 Ng3 48. Kc3 Nf5 49. Nxf5 Kxf5 50. Kd4 Kg4 51. Kxd5 Kxh4 52. e4 Kg4 53. e5 h4 54. e6 h3 55. e7 h2 56. e8=Q h1=Q+ 57. Kc5 Qg1+ 58. Kc6 Kxf4 59. Qf7+ Kg5 60. Qe7+ 1/2-1/2

[Event "EU-chT (Men)"]
[Site "Pula"]
[Date "1997.??.??"]
[Round "2"]
[White "Andersson, Ulf"]
[Black "Short, Nigel D"]
[Result "1/2-1/2"]
[WhiteElo "2655"]
[BlackElo "2690"]
[PlyCount "54"]
[EventDate "1997.05.05"]
[Source "ChessBase"]

1. Nf3 d5 2. d4 Nf6 3. c4 c6 4. cxd5 cxd5 5. Nc3 Nc6 6. Bf4 a6 7. Rc1 Bf5 8. e3 Rc8 9. Be2 e6 10. O-O Nd7 11. Nd2 Bg6 12. Nb3 Be7 13. Na4 O-O 14. a3 Re8 15. Bg3 Bh4 16. Bxh4 Qxh4 17. Nac5 Nxc5 18. Rxc5 Qe7 19. Qd2 b6 20. Rc3 Qb7 21. Rfc1 Nb8 22. Qe1 h6 23. h3 Red8 24. Nd2 Rxc3 25. Rxc3 Rc8 26. Qc1 f6 27. Nf3 Be8 1/2-1/2

[Event "Kusadasi TUR"]
[Site "?"]
[Date "2006.04.15"]
[Round "11"]
[White "Belov Vladimir"]
[Black "Ivanchuk Vassily"]
[Result "1/2-1/2"]
[WhiteElo "2608"]
[BlackElo "2729"]
[PlyCount "60"]
[EventDate "2006.??.??"]
[Source "www.chesslib.no"]
[SourceDate "2004.05.04"]

1. d4 d5 2. c4 c6 3. cxd5 cxd5 4. Nc3 Nf6 5. Nf3 Nc6 6. Bf4 e6 7. e3 Nh5 8. Be5 Be7 9. Bd3 O-O 10. h3 Nxe5 11. Nxe5 Nf6 12. O-O Nd7 13. Nxd7 Bxd7 14. Qb3 Bc6 15. Bb5 Qb6 16. Bxc6 Qxc6 17. Rfc1 Rfc8 18. Rc2 Qa6 19. Rac1 Rc6 20. Na4 Rc4 21. Nc5 Bxc5 22. dxc5 Rxc2 23. Rxc2 Qc6 24. Qc3 a5 25. Qd4 h6 26. Rc3 Rc8 27. a3 a4 28. Qf4 Ra8 29. Qb4 Qc7 30. e4 dxe4 1/2-1/2

[Event "Elista ol (Men)"]
[Site "Elista"]
[Date "1998.10.02"]
[Round "4"]
[White "Andersson, Ulf"]
[Black "Almasi, Zoltan"]
[Result "1/2-1/2"]
[WhiteElo "2645"]
[BlackElo "2650"]
[PlyCount "33"]
[EventDate "1998.09.29"]
[Source "ChessBase"]
[SourceDate "1998.11.06"]

1. Nf3 d5 2. d4 c6 3. c4 Nf6 4. cxd5 cxd5 5. Nc3 Nc6 6. Bf4 a6 7. Rc1 Ne4 8. a3 Bf5 9. e3 e6 10. Ne5 Nxe5 11. Bxe5 f6 12. Bg3 Rc8 13. Nxe4 Bxe4 14. f3 Bg6 15. Be2 Be7 16. Kf2 O-O 17. Rxc8 1/2-1/2

[Event "NED-ch op 5'"]
[Site "?"]
[Date "2002.02.15"]
[Round "?"]
[White "Kortschnoj Viktor"]
[Black "Sokolov Ivan"]
[Result "0-1"]
[WhiteElo "2630"]
[BlackElo "2655"]
[PlyCount "64"]
[EventDate "2002.??.??"]
[Source "www.chesslib.no"]
[SourceDate "2004.05.04"]

1. d4 Nf6 2. c4 c6 3. Nc3 d5 4. Nf3 a6 5. cxd5 cxd5 6. Bf4 Nc6 7. e3 Bg4 8. Qb3 Na5 9. Qc2 Bxf3 10. gxf3 e6 11. Be5 Be7 12. Rg1 O-O 13. Bd3 g6 14. Bxg6 fxg6 15. Rxg6+ Kh8 16. Rh6 Rf7 17. O-O-O Nc6 18. Rg1 Qf8 19. Bxf6+ Bxf6 20. Rgg6 Qe7 21. f4 Rg8 22. f5 Rxg6 23. fxg6 Rg7 24. f4 Qe8 25. gxh7 Rg1+ 26. Nd1 Bg7 27. Rh3 Nb4 28. Qb3 Qc6+ 29. Kd2 Rg2+ 30. Ke1 Qb5 31. Nc3 Qd3 32. Rf3 Nc2+ 0-1

[Event "National I"]
[Site "Sautron"]
[Date "2003.01.31"]
[Round "1"]
[White "Istratescu, Andrei"]
[Black "Sokolov, Ivan"]
[Result "1/2-1/2"]
[WhiteElo "2593"]
[BlackElo "2688"]
[PlyCount "60"]
[EventDate "2003.01.31"]
[Source "Roberto Alvarez"]
[SourceDate "2003.02.17"]

1. d4 d5 2. c4 c6 3. Nf3 Nf6 4. cxd5 cxd5 5. Nc3 Nc6 6. Bf4 a6 7. Rc1 Qb6 8. Na4 Qa5+ 9. Bd2 Qd8 10. Qb3 e6 11. Nb6 Rb8 12. Nxc8 Qxc8 13. e3 Bd6 14. Bd3 Qd7 15. O-O O-O 16. Bc3 Qe7 17. h3 Rfc8 18. a3 Rc7 19. Ne5 Rbc8 20. Nxc6 Rxc6 21. Bd2 e5 22. Rxc6 Rxc6 23. dxe5 Qxe5 24. g3 Qe7 25. Rc1 Rxc1+ 26. Bxc1 h5 27. Qc2 g6 28. Bd2 Qe6 29. Bc3 Ne4 30. Bxe4 Qxe4 1/2-1/2

[Event "Paris FRA"]
[Site "?"]
[Date "2004.05.23"]
[Round "5"]
[White "Dorfman Josif D"]
[Black "Bacrot Etienne"]
[Result "1/2-1/2"]
[WhiteElo "2602"]
[BlackElo "2675"]
[PlyCount "23"]
[EventDate "2004.??.??"]
[Source "www.chesslib.no"]
[SourceDate "2004.05.04"]

1. d4 d5 2. c4 c6 3. Nf3 Nf6 4. Nc3 a6 5. cxd5 cxd5 6. Bf4 Nc6 7. Rc1 Bf5 8. e3 e6 9. Bd3 Bxd3 10. Qxd3 Bd6 11. Bxd6 Qxd6 12. Rf1 1/2-1/2

[Event "Manila ol (Men)"]
[Site "Manila PHI"]
[Date "1992.??.??"]
[Round "?"]
[White "Andersson, Ulf"]
[Black "Anand, Viswanathan"]
[Result "1/2-1/2"]
[WhiteElo "2605"]
[BlackElo "2670"]
[PlyCount "42"]
[EventDate "1992.06.??"]
[Source "www.chesslib.no"]
[SourceDate "2004.05.04"]

1. d4 d5 2. Nf3 Nf6 3. c4 c6 4. cxd5 cxd5 5. Nc3 Nc6 6. Bf4 a6 7. Rc1 Ne4 8. Ne5 Nxc3 9. Rxc3 Bd7 10. e3 e6 11. a3 Rc8 12. Qd2 Nxe5 13. Bxe5 Rxc3 14. Qxc3 Qc8 15. Qd2 Bc6 16. Bd3 Qd7 17. O-O f6 18. Bg3 Kf7 19. h4 Be7 20. Rc1 f5 21. Qe2 Rc8 1/2-1/2

[Event "It Klooster"]
[Site "?"]
[Date "1995.03.22"]
[Round "3"]
[White "Andersson Ulf"]
[Black "Epishin Vladimir V"]
[Result "1/2-1/2"]
[WhiteElo "2630"]
[BlackElo "2635"]
[PlyCount "31"]
[EventDate "1995.??.??"]
[Source "www.chesslib.no"]
[SourceDate "2004.05.04"]

1. Nf3 Nf6 2. c4 c6 3. d4 d5 4. cxd5 cxd5 5. Nc3 Nc6 6. Bf4 a6 7. Rc1 Bf5 8. e3 e6 9. Ne5 Nxe5 10. Bxe5 Nd7 11. Bg3 Rc8 12. Bd3 Bxd3 13. Qxd3 Be7 14. O-O O-O 15. Rc2 Qa5 16. Qe2 1/2-1/2

[Event "Villarrobledo op"]
[Site "Villarrobledo"]
[Date "1998.08.23"]
[Round "7"]
[White "Andersson, Ulf"]
[Black "Chernin, Alexander"]
[Result "1/2-1/2"]
[WhiteElo "2645"]
[BlackElo "2610"]
[PlyCount "22"]
[EventDate "1998.08.??"]
[Source "www.chesslib.no"]
[SourceDate "2004.05.04"]

1. d4 d5 2. c4 c6 3. cxd5 cxd5 4. Nf3 Nf6 5. Nc3 a6 6. Bf4 Nc6 7. Rc1 Bd7 8. e3 e6 9. Ne5 Rc8 10. Bd3 Be7 11. O-O Nb8 1/2-1/2

[Event "EU-ch 3rd"]
[Site "Batumi"]
[Date "2002.06.26"]
[Round "13"]
[White "Volkov, Sergey"]
[Black "Gurevich, Mikhail"]
[Result "1/2-1/2"]
[WhiteElo "2609"]
[BlackElo "2641"]
[PlyCount "21"]
[EventDate "2002.06.12"]
[Source "ChessBase"]
[SourceDate "2002.09.20"]

1. d4 d5 2. c4 c6 3. Nc3 Nf6 4. cxd5 cxd5 5. Nf3 Nc6 6. Bf4 a6 7. e3 Bg4 8. h3 Bxf3 9. Qxf3 e6 10. Bd3 h6 11. O-O 1/2-1/2

[Event "Tournament (computers)"]
[Site "Internet"]
[Date "2008.01.26"]
[Round "4"]
[White "Computer \"]
[Black "Computer \"]
[Result "0-1"]
[WhiteElo "2483"]
[BlackElo "2765"]
[PlyCount "174"]
[EventDate "2008.??.??"]
[Source "www.chesslib.no"]
[SourceDate "2004.05.04"]

1. d4 d5 2. c4 c6 3. cxd5 cxd5 4. Nf3 Nf6 5. Nc3 Nc6 6. Bf4 a6 7. e3 Bg4 8. Bd3 e6 9. O-O Bd6 10. Bg5 O-O 11. Rc1 Rc8 12. h3 Bh5 13. a3 h6 14. Bh4 Na5 15. g4 Bg6 16. Bxg6 fxg6 17. Ne5 g5 18. Bg3 Bxe5 19. dxe5 Nd7 20. Kg2 Nc5 21. b4 Ncb3 22. Rc2 d4 23. exd4 Nc4 24. d5 Nxa3 25. Rb2 Rxc3 26. Rxb3 Rxb3 27. Qxb3 Qxd5+ 28. Qxd5 exd5 29. Rd1 Rd8 30. e6 Nc4 31. Bc7 Re8 32. Rxd5 Rxe6 33. b5 Kf7 34. bxa6 bxa6 35. Rd4 Nb6 36. Kf3 Rc6 37. Bxb6 Rxb6 38. Rd7+ Kg6 39. Ke4 Rb4+ 40. Kd5 a5 41. Ra7 Ra4 42. Ra6+ Kh7 43. Ke5 Ra2 44. Ke4 a4 45. Ke3 Ra1 46. Kd3 a3 47. Ke4 Ra2 48. Ke3 Kg8 49. Ke4 Kh8 50. Ra7 Kh7 51. Ra8 Kg6 52. Ra6+ Kf7 53. Ra7+ Kf6 54. Ra6+ Ke7 55. f3 Kf7 56. Ra7+ Kg6 57. Ra6+ Kh7 58. Kd3 Ra1 59. Ke4 a2 60. Kf5 Rf1 61. Rxa2 Rxf3+ 62. Ke4 Rxh3 63. Ra4 h5 64. Kf5 Rh4 65. Kxg5 Rxg4+ 66. Rxg4 hxg4 67. Kxg4 Kg6 68. Kf4 Kh5 69. Kg3 Kg5 70. Kf3 Kh4 71. Kf4 g5+ 72. Kf3 Kh3 73. Kf2 g4 74. Kg1 Kg3 75. Kf1 Kh2 76. Ke2 g3 77. Kd3 g2 78. Ke4 g1=Q 79. Kd5 Qc1 80. Kd6 Qc4 81. Kd7 Kg3 82. Ke7 Qc6 83. Kf7 Kf4 84. Ke7 Kf5 85. Kd8 Qb7 86. Ke8 Ke6 87. Kd8 Qd7# 0-1

[Event "Camp. spagnolo a squadre - Gruppo I"]
[Site "Cala Mayor SPA"]
[Date "2008.09.06"]
[Round "4"]
[White "Graf, A."]
[Black "Mamedov, Rau"]
[Result "1/2-1/2"]
[WhiteElo "2621"]
[BlackElo "2627"]
[PlyCount "132"]
[EventDate "2008.09.03"]
[Source "www.chesslib.no"]
[SourceDate "2004.05.04"]

1. d4 d5 2. c4 c6 3. cxd5 cxd5 4. Nc3 Nf6 5. Bf4 Nc6 6. e3 e6 7. Bd3 Be7 8. h3 O-O 9. Nf3 Bd7 10. O-O Qa5 11. Ne5 h6 12. g4 Nxe5 13. Bxe5 Bc6 14. Qf3 Nd7 15. Bf4 e5 16. dxe5 d4 17. Ne4 Nxe5 18. Bxe5 Qxe5 19. exd4 Qxd4 20. b3 g6 21. Rad1 Rad8 22. Bb1 Qe5 23. Qg3 Qxg3+ 24. Nxg3 Bb5 25. Rfe1 Bb4 26. Rxd8 Rxd8 27. Re5 Rd1+ 28. Kg2 Bc6+ 29. Be4 f6 30. Bxc6 fxe5 31. Bxb7 Ba3 32. h4 Rd2 33. h5 g5 34. Ne4 Rxa2 35. Kf3 Bb2 36. Bd5+ Kf8 37. Ke2 Bd4+ 38. Ke1 a5 39. Bc4 Ke7 40. Bd5 Rc2 41. Kd1 Rc8 42. Ke2 Ba7 43. Ke1 Rd8 44. Bc6 Rd3 45. Ba4 Rd4 46. Bc6 Kd8 47. f3 Kc7 48. Bb5 Kd8 49. Ke2 Ke7 50. Ba4 Bb8 51. Ng3 Ke6 52. Ne4 Bd6 53. Bb5 Bb4 54. Bc4+ Ke7 55. Ng3 Rd2+ 56. Ke3 Rc2 57. Nf5+ Kf6 58. Bd5 Rc3+ 59. Ke4 Bc5 60. Bg8 Ba7 61. Bd5 Rc1 62. Kd3 Rd1+ 63. Kc4 Rc1+ 64. Kd3 Bb6 65. Kd2 Rc7 66. Kd3 Rc1 1/2-1/2

[Event "Biel"]
[Site "Biel"]
[Date "1991.??.??"]
[Round "12"]
[White "Andersson, Ulf"]
[Black "Shirov, Alexei"]
[Result "1/2-1/2"]
[WhiteElo "2625"]
[BlackElo "2610"]
[PlyCount "45"]
[EventDate "1991.07.??"]
[Source "ChessBase"]

1. Nf3 d5 2. d4 Nf6 3. c4 c6 4. cxd5 cxd5 5. Nc3 Nc6 6. Bf4 a6 7. Rc1 Ne4 8. Ne5 Nxc3 9. Rxc3 Bd7 10. e3 e6 11. a3 Rc8 12. Nd3 Na7 13. Rxc8 Nxc8 14. Be2 Qa5+ 15. Qd2 Qxd2+ 16. Kxd2 Bd6 17. Bg3 Ke7 18. Rc1 Bxg3 19. hxg3 Nd6 20. Rc7 Kd8 21. Rc1 Ke7 22. Rc7 Kd8 23. Rc1 1/2-1/2

[Event "Korinthos op 6th"]
[Site "Korinthos"]
[Date "2002.07.30"]
[Round "8"]
[White "Papaioannou, Ioannis"]
[Black "Volkov, Sergey"]
[Result "1/2-1/2"]
[WhiteElo "2589"]
[BlackElo "2636"]
[PlyCount "22"]
[EventDate "2002.07.23"]
[Source "ChessBase"]
[SourceDate "2002.09.11"]

1. d4 d5 2. c4 c6 3. cxd5 cxd5 4. Nf3 Nf6 5. Nc3 Nc6 6. Bf4 a6 7. e3 Bg4 8. Be2 e6 9. O-O Bd6 10. Bxd6 Qxd6 11. h3 Bxf3 1/2-1/2

[Event "50th It"]
[Site "Reggio Emilia ITA"]
[Date "2008.01.03"]
[Round "6"]
[White "Marin, Mi"]
[Black "Harikrishna, P."]
[Result "1/2-1/2"]
[WhiteElo "2551"]
[BlackElo "2668"]
[PlyCount "65"]
[EventDate "2007.12.29"]
[Source "www.chesslib.no"]
[SourceDate "2004.05.04"]

1. c4 Nf6 2. Nf3 c6 3. d4 d5 4. cxd5 cxd5 5. Nc3 Nc6 6. Bf4 Ne4 7. e3 Nxc3 8. bxc3 g6 9. Ne5 Bg7 10. Nxc6 bxc6 11. Qa4 O-O 12. Be2 Bf5 13. O-O Qd7 14. Rac1 f6 15. c4 e5 16. Bg3 Rac8 17. Rfd1 Qf7 18. h3 exd4 19. Rxd4 Be6 20. Rd2 f5 21. cxd5 Bxd5 22. Bd6 Rfe8 23. Bc4 Bxc4 24. Rxc4 Red8 25. Rxc6 Rxc6 26. Qxc6 Bf8 27. Bb4 Rxd2 28. Bxd2 Qxa2 29. Bc3 Kf7 30. Qf6+ Ke8 31. Qc6+ Kf7 32. Qf6+ Ke8 33. Qc6+ 1/2-1/2

[Event "XX Carlos Torre Wimbledon"]
[Site "Merida MEX"]
[Date "2007.12.21"]
[Round "3.1"]
[White "Nogueiras Santiago, J."]
[Black "Harikrishna, P."]
[Result "1/2-1/2"]
[WhiteElo "2549"]
[BlackElo "2668"]
[PlyCount "48"]
[EventDate "2007.12.19"]
[Source "www.chesslib.no"]
[SourceDate "2004.05.04"]

1. Nf3 d5 2. d4 Nf6 3. c4 c6 4. cxd5 cxd5 5. Nc3 Nc6 6. Bf4 a6 7. Rc1 Bf5 8. e3 e6 9. Qb3 Bb4 10. Bg5 O-O 11. Be2 Rb8 12. O-O Be7 13. Na4 Bg4 14. Qb6 Nd7 15. Qxd8 Bxd8 16. Bf4 Rc8 17. Bd6 Re8 18. Nc5 Nxc5 19. Rxc5 Be7 20. Bxe7 Nxe7 21. Rfc1 Rxc5 22. Rxc5 Rc8 23. Rxc8+ Nxc8 24. Kf1 Bxf3 1/2-1/2

[Event "Mind Sports Games - Blitz Ind"]
[Site "Pechino CINA"]
[Date "2008.10.04"]
[Round "7"]
[White "Kraai, J."]
[Black "Ni Hua"]
[Result "0-1"]
[WhiteElo "2502"]
[BlackElo "2710"]
[PlyCount "142"]
[EventDate "2008.10.04"]
[Source "www.chesslib.no"]
[SourceDate "2004.05.04"]

1. Nf3 Nf6 2. c4 c6 3. Nc3 d5 4. cxd5 cxd5 5. d4 Nc6 6. Bf4 a6 7. Rc1 Bf5 8. e3 Rc8 9. Be2 e6 10. O-O Bd6 11. Bxd6 Qxd6 12. Na4 O-O 13. Nc5 Rc7 14. a3 Bg4 15. b4 Bxf3 16. Bxf3 Rfc8 17. Be2 a5 18. b5 Nd8 19. Qb3 b6 20. Nd3 Ne4 21. Rxc7 Qxc7 22. Re1 Nb7 23. Ne5 Qc3 24. Qxc3 Rxc3 25. Nd7 Rxa3 26. Nxb6 Nc3 27. Bf1 Nd6 28. Rc1 f6 29. g3 Ndxb5 30. Bxb5 Nxb5 31. Rc8+ Kf7 32. Ra8 Nc3 33. Nd7 Ne4 34. Ra7 Ra2 35. Nc5+ Kg6 36. Nxe6 Nxf2 37. Nf4+ Kf5 38. Rxg7 Ke4 39. Kg2 Ng4+ 40. Kh3 f5 41. Ng2 a4 42. Re7+ Kd3 43. Nf4+ Kc4 44. Rc7+ Kb5 45. Kh4 Kb6 46. Rc5 Nxe3 47. h3 a3 48. Rc3 Nd1 49. Rb3+ Kc6 50. Kg5 Ra1 51. Kxf5 a2 52. Ra3 Kb5 53. Nxd5 Kc4 54. Nf4 Nc3 55. d5 Rd1 56. Ke5 Re1+ 57. Kf5 a1=Q 58. Rxa1 Rxa1 59. d6 Rd1 60. Ke5 Nb5 61. Ne6 Rd5+ 62. Ke4 Nxd6+ 63. Kf3 Rf5+ 64. Kg4 Kd5 65. Nf4+ Ke5 66. h4 Rf7 67. Kg5 Ne4+ 68. Kh6 Nxg3 69. Kg5 Rf5+ 70. Kg4 Rxf4+ 71. Kxg3 h5 0-1

[Event "Biel"]
[Site "Biel"]
[Date "1991.??.??"]
[Round "6"]
[White "Andersson, Ulf"]
[Black "Gavrikov, Viktor"]
[Result "1/2-1/2"]
[WhiteElo "2625"]
[BlackElo "2585"]
[PlyCount "28"]
[EventDate "1991.07.??"]
[Source "ChessBase"]

1. Nf3 Nf6 2. c4 c6 3. d4 d5 4. cxd5 cxd5 5. Nc3 Nc6 6. Bf4 a6 7. Rc1 Ne4 8. Ne5 Nxc3 9. Rxc3 Bd7 10. e3 e6 11. a3 Rc8 12. Nxc6 Rxc6 13. Rxc6 Bxc6 14. Bd3 Qa5+ 1/2-1/2

[Event "Capablanca mem Elite 36th"]
[Site "Havana"]
[Date "2001.05.20"]
[Round "13"]
[White "Andersson, Ulf"]
[Black "Luther, Thomas"]
[Result "1/2-1/2"]
[WhiteElo "2640"]
[BlackElo "2568"]
[PlyCount "33"]
[EventDate "2001.05.05"]
[Source "ChessBase"]
[SourceDate "2001.09.13"]

1. Nf3 d5 2. d4 Nf6 3. c4 c6 4. cxd5 cxd5 5. Nc3 a6 6. Bf4 Nc6 7. Rc1 Bf5 8. e3 Rc8 9. Bd3 Bxd3 10. Qxd3 e6 11. O-O Be7 12. Ne5 O-O 13. Nxc6 Rxc6 14. Ne2 Qb6 15. Rxc6 bxc6 16. b3 Ba3 17. Nc3 1/2-1/2